| 000 | 00752cam a2200265 4500 | ||
|---|---|---|---|
| 001 | D15453 | ||
| 008 | 090401t1981 xxu||||| |||| 00| 0 eng d | ||
| 035 | _a(Sirsi) u22950 | ||
| 041 | _aeng | ||
| 050 | _a333.3321 | ||
| 090 | _aRICS 1981/18ABCDE | ||
| 110 |
_aRoyal Institution of Chartered Surveyors _94900 |
||
| 245 | _aGuidance notes on the valuation of assets | ||
| 250 | _a2nd ed. | ||
| 260 |
_aLondon _bRICS _c1981 |
||
| 300 | _aLoose-leaf format. 32cm | ||
| 350 | _a20 | ||
| 490 | _aRICS Red Book | ||
| 520 | _aSUPERSEDED: Replaced by 2nd edition revised (RICS 1989/31). | ||
| 650 | _aGUIDANCE NOTES | ||
| 650 | _aRICS APPRAISAL AND VALUATION MANUAL | ||
| 690 | _aRATING AND VALUATION | ||
| 942 |
_n0 _2ddc |
||
| 948 | _c04/03/1997 | ||
| 999 |
_c88282 _d88282 |
||